Statements, calculations and hints, relative to railroads, and moving power locomotive engines to be used thereon /

Bibliographic Details
Main Author: Rogers, John
Format: Book
Language:English
Published: Baltimore : Matchett, Printer, 1827.
Subjects:

MARC

Tag First Indicator Second Indicator Subfields
LEADER 00000cam a2200000 4500
001 in00000665778
005 20151015085944.0
008 801007r19741827miu a 00000 eng d
035 |a (OCoLC)06796231 
035 |9 ACY3757AM 
040 |a EEU  |c TXA  |d UtOrBLW 
049 |a TXAI 
090 |a TF144  |b .R6 
099 |a film  |a B  |a 1512  |a reel  |a 618.38 
100 1 |a Rogers, John. 
245 1 0 |a Statements, calculations and hints, relative to railroads, and moving power locomotive engines to be used thereon /  |c Embellished with a fine copperplate engraving. 
264 1 |a Baltimore :  |b Matchett, Printer,  |c 1827. 
300 |a 40 pages :  |b folded frontispiece 
336 |a text  |b txt  |2 rdacontent 
337 |a microform  |b h  |2 rdamedia 
338 |a microfilm reel  |b hd  |2 rdacarrier 
500 |a Microfilm. Ann Arbor, Mich., Xerox University Microfilms, 1974. 1 reel. 35 mm. (American Culture Series, reel 618.38) 
500 |a Microform. 
650 0 |a Railroads  |v Early works to 1850. 
999 |a MARS 
999 f f |s 0bd654e0-497e-3a42-b0f8-a2727b396159  |i dce66884-ab93-31dc-82ad-977bfc681e84  |t 0 
952 f f |p default  |a Texas A&M University  |b College Station  |c Sterling C. Evans Library  |d Evans: Microforms (3rd floor)  |t 0  |e film B 1512 reel 618.38  |h Other scheme  |i microform -- microfilm reel 
998 f f |a film B 1512 reel 618.38  |t 0  |l Evans: Microforms (3rd floor)